Mcfly ou Carlito - Statistiques

Statistiques générales
  • Ce quiz a été pris 164 fois
  • Le résultat moyen est 12 sur 15
Statistiques - réponses
Question Réponse % Correct
Qui se prénomme David? Mcfly
97%
Qui n'est pas chauve? Mcfly
94%
Qui a participé à toutes les vidéos «Méli Mélo» et «Stand Up de m*rde»? Les deux
93%
Dans « la nouvelle DA », qui voit-on assis à droite? Carlito
92%
Qui apparait dans Astérix et Obélix L'empire du Milieu? Les deux
92%
Qui a un goût très développé? Mcfly
89%
Qui a sorti un livre nommé «Papa 2.0, journal intime d'un père normal (ou presque)»? Carlito
82%
Qui sais jouer de la batterie? Carlito
79%
Qui utilise Tripadvisor? Carlito
78%
Qui a deux BAC? Les deux
77%
Qui avait comme ancien pseudo O'Connell? Carlito
73%
Qui a fait au moins un album? Les deux
73%
Qui a fait une filière L? Carlito
70%
Qui a avoué son amour à Karine Ferri dans le cadre d'une vidéo? Mcfly
60%
Qui a déjà réussi à faire un kickflip en skateboard? Mcfly
35%
Aucun quiz correspondant
Distribution des résultats
% des personnes avec chaque résultat
Percentile par nombre de réponses
Votre historique - résultats
Vous n’avez pas pris ce quiz